| 000 | 01296cam a2200373 a 4500 | ||
|---|---|---|---|
| 001 | 16037471 | ||
| 003 | USPCAS-E | ||
| 005 | 20180118181413.0 | ||
| 008 | 091230s2011 nyua b 001 0 eng | ||
| 010 | _a 2009051322 | ||
| 015 |
_aGBA9A5670 _2bnb |
||
| 016 | 7 |
_a015408115 _2Uk |
|
| 020 | _a0073398128 (alk. paper) | ||
| 020 | _a9780073398129 (alk. paper) | ||
| 020 | _a9780077366643 (hbk.) | ||
| 020 | _a0077366646 (hbk.) | ||
| 035 | _a(OCoLC)ocn463634284 | ||
| 040 |
_aDLC _cDLC _dUKM _dC#P _dBWX _dYDXCP _dBTCTA _dDLC |
||
| 050 | 0 | 0 |
_aTJ260 _b.C38 2011 |
| 082 | 0 | 0 |
_a621.4022 _222 _b CEN-H 2015 |
| 100 | 1 | _aÇengel, Yunus A. | |
| 245 | 1 | 0 |
_aHeat and mass transfer : _bfundamentals & applications / _cYunus A. Çengel, Afshin J. Ghajar. |
| 250 | _a5th ed. | ||
| 260 |
_aNew York : _bMcGraw-Hill, _cc2015. |
||
| 300 |
_axix, 924 p. : _bill. ; _c27 cm. + _e1 DVD-ROM (4 3/4 in.) |
||
| 502 | _a0 | ||
| 504 | _aIncludes bibliographical references and index. | ||
| 650 | 0 |
_aHeat _xTransmission. |
|
| 650 | 0 | _aMass transfer. | |
| 700 | 1 |
_aGhajar, Afshin J. _q(Afshin Jahanshahi), _d1951- |
|
| 906 |
_a7 _bcbc _corignew _d1 _eecip _f20 _gy-gencatlg |
||
| 942 |
_2ddc _cBK |
||
| 999 |
_c355773 _d355773 |
||